<?xml version="1.0" encoding="UTF-8"?>
<marc:record xmlns:marc="http://www.loc.gov/MARC21/slim">
   <marc:leader>00000nam a2200000 a 4500</marc:leader>
   <marc:datafield ind1="1" ind2=" " tag="100">
      <marc:subfield code="a">Brandis, Katja</marc:subfield>
      <marc:subfield code="4">aut</marc:subfield>
      <marc:subfield code="e">Verfasser/-in</marc:subfield>
   </marc:datafield>
   <marc:datafield ind1="0" ind2="0" tag="245">
      <marc:subfield code="a">Woodwalkers - Gefährliche Freundschaft</marc:subfield>
   </marc:datafield>
   <marc:datafield ind1=" " ind2="1" tag="264">
      <marc:subfield code="a">Würzburg</marc:subfield>
      <marc:subfield code="b">Arena Verl.</marc:subfield>
      <marc:subfield code="c">2019</marc:subfield>
   </marc:datafield>
   <marc:datafield ind1="1" ind2=" " tag="490">
      <marc:subfield code="a">Woodwalkers / Katja Brandis</marc:subfield>
   </marc:datafield>
   <marc:datafield ind1=" " ind2=" " tag="250">
      <marc:subfield code="a">1. Auflage</marc:subfield>
   </marc:datafield>
   <marc:datafield ind1="1" ind2=" " tag="520">
      <marc:subfield code="a">Es ist Winter in den Rocky Mountains und Carag und seine Mitschüler stürzen sich voller Freude in ihre ersten Lernexpeditionen. Doch dann ereignen sich rund um die Clearwater High plötzlich merkwürdige Unfälle. Carag ist sofort in Alarmbereitschaft: Ob der rachsüchtige Gestaltwandler Andrew Milling dahinter steckt? Hat er es etwa immer noch auf ihn und seine Familie abgesehen? Auf seiner Suche nach Antworten erhält Carag auf einmal unerwartet Hilfe von der Schneewölfin Tikaani. Aber kann ein Puma wirklich einer Wölfin trauen? Ab 10. (Verlagstext)</marc:subfield>
   </marc:datafield>
   <marc:datafield ind1=" " ind2=" " tag="020">
      <marc:subfield code="a">9783401601977</marc:subfield>
      <marc:subfield code="9">9783401601977</marc:subfield>
   </marc:datafield>
   <marc:datafield ind1=" " ind2=" " tag="041">
      <marc:subfield code="a">ger</marc:subfield>
   </marc:datafield>
   <marc:datafield ind1=" " ind2=" " tag="300">
      <marc:subfield code="a">277 Seiten : Illustr</marc:subfield>
   </marc:datafield>
</marc:record>
